Montované obklady z prírodného kameňa

Bibliographic Details
Main Author: Szomolányiová, K. (Author)
Format: Article
Language:Slovak

MARC

LEADER 00000nab a2200000ua 4500
001 vtls010855138
003 SK-MaSNL
005 20260303141309.0
008 230222s2009 xo |||||||||||||||||slo|
035 |a (urnnbn)urn:nbn:sk:snk:ar-a07guo 
035 |a urn:nbn:sk:snk-ab6eiy 
035 |a (uuid)d6b291ba-53ce-4562-8139-a010ddd52acf 
040 |a SNKBUCL  |b slo  |c SNKBUCL  |e AACR2 
041 0 |a slo 
044 |a xo  |c SK 
100 1 |a Szomolányiová, K.  |4 aut  |9 1160825 
245 1 0 |a Montované obklady z prírodného kameňa  |c K. Szomolányiová 
773 0 |t Stavebné materiály : technológie, výrobky, konštrukcie  |g Roč. 5, č. 9 (2009), s. 16-19 
954 |a odborná, vedecká literatúra pôvodná (slovenská)  |2 lita 
958 |a OND 
958 |a EUIPO 
958 |a article5 
999 |c 1975310  |d 1977240